[Event "N1F_Ouest_2022"]
[Site "Bordeaux"]
[Date "2022.04.30"]
[Round "1.1"]
[White "Leriche, Ines"]
[Black "Pommereul, Mathilde"]
[Result "1-0"]
[WhiteElo "1944"]
[BlackElo "1276"]
[Annotator "Jean-Luc"]
[PlyCount "95"]
[EventDate "2022.??.??"]
[WhiteTeam "Poitiers-Migne Echecs"]
[BlackTeam "Union Saint Bruno-Bordeaux Echecs"]

1. c4 e5 2. g3 Nf6 3. Bg2 Bc5 4. Nc3 O-O 5. d3 h6 6. Nf3 Re8 7. O-O c6 8. e3 d5
9. cxd5 cxd5 10. d4 exd4 11. Nxd4 Nc6 12. Nxc6 bxc6 13. Qc2 Be6 14. b3 Qd7 15.
Bb2 Bf5 16. Qc1 Bb6 17. Na4 Ne4 18. Nxb6 axb6 19. f3 Ng5 20. Qc3 Ne6 21. Rfd1
c5 22. Qd2 Nc7 23. b4 Qe6 24. Re1 Rad8 25. Rac1 Na6 26. a3 Qe7 27. Bf1 Nc7 28.
bxc5 bxc5 29. Qc3 Ne6 30. Bb5 Rf8 31. Qe5 Qg5 32. h4 Qh5 33. Be2 f6 34. Qc3 Qf7
35. g4 d4 36. Qb3 Bh7 37. Bc4 Rfe8 38. exd4 cxd4 39. Rxe6 Kh8 40. Rce1 Rxe6 41.
Rxe6 Bg8 42. Rd6 Qe8 43. Rxd8 Qxd8 44. Bxg8 d3 45. Bc4 d2 46. Be2 Qd6 47. Kg2
Qe7 48. Qd3 1-0

[Event "N1F_Ouest_2022"]
[Site "Bordeaux"]
[Date "2022.04.30"]
[Round "1.2"]
[White "Andre, Marine"]
[Black "Ollivier, Clemence"]
[Result "1/2-1/2"]
[WhiteElo "1752"]
[BlackElo "1690"]
[Annotator "Jean-Luc"]
[PlyCount "56"]
[EventDate "2022.??.??"]
[WhiteTeam "USAM Echiquier Brestois"]
[BlackTeam "Echiquier Tourangeau"]

1. e4 d5 2. exd5 Qxd5 3. Nf3 Nf6 4. d4 c6 5. Be2 Bf5 6. O-O e6 7. c4 Qa5 8. Nc3
Nbd7 9. Qb3 Qb4 10. Qxb4 Bxb4 11. h3 Bxc3 12. bxc3 Ne4 13. Bb2 Nb6 14. a4 a5
15. Rfd1 h6 16. Nd2 Nf6 17. c5 Nbd5 18. Nc4 Ne4 19. Rac1 O-O 20. Ne3 Bg6 21.
Nxd5 exd5 22. Bd3 Rfe8 23. Rc2 Re7 24. f3 Ng3 25. Kf2 Bxd3 26. Rxd3 Nh1+ 27.
Kf1 Ng3+ 28. Kf2 Nh1+ 1/2-1/2

[Event "N1F_Ouest_2022"]
[Site "Bordeaux"]
[Date "2022.04.30"]
[Round "1.3"]
[White "Diez, Ambre"]
[Black "Pommereul, Emma"]
[Result "1-0"]
[WhiteElo "1953"]
[BlackElo "1214"]
[Annotator "Jean-Luc"]
[PlyCount "103"]
[EventDate "2022.??.??"]
[WhiteTeam "AGJA-Echiquier Aquitaine"]
[BlackTeam "Union Saint Bruno-Bordeaux Echecs"]

1. Nf3 Nf6 2. g3 g6 3. Bg2 Bg7 4. c4 O-O 5. O-O d6 6. d4 Nbd7 7. Nc3 e5 8. e4
c6 9. Rb1 Qc7 10. h3 Nb6 11. b3 Nh5 12. g4 Nf4 13. Bxf4 exf4 14. Qd2 c5 15.
Qxf4 cxd4 16. Nb5 Qe7 17. Nbxd4 Bd7 18. Rbd1 Be5 19. Qe3 f5 20. exf5 gxf5 21.
gxf5 Bxf5 22. Qg5+ Qxg5 23. Nxg5 Rab8 24. Nb5 Nc8 25. Bd5+ Kh8 26. f4 Bf6 27.
Kh2 a6 28. Nd4 Bd7 29. Nf7+ Kg8 30. Nxd6+ Kh8 31. Nf7+ Kg7 32. Rg1+ Bg5 33.
Nxg5 Ne7 34. Nde6+ Bxe6 35. Nxe6+ Kf6 36. Nxf8 Rxf8 37. Bxb7 Ng6 38. Bxa6 Nxf4
39. Rdf1 Ke5 40. Rg4 h5 41. Rgxf4 Rxf4 42. Rxf4 Kxf4 43. c5 Ke5 44. Kg3 Kd5 45.
b4 Kc6 46. Kf4 Kc7 47. b5 Kb8 48. b6 Ka8 49. c6 h4 50. Kg4 Kb8 51. c7+ Ka8 52.
c8=Q# 1-0

[Event "N1F_Ouest_2022"]
[Site "Bordeaux"]
[Date "2022.04.30"]
[Round "1.4"]
[White "Nicolas-Manceau, Maya"]
[Black "Sommer, Hannah"]
[Result "1/2-1/2"]
[WhiteElo "1649"]
[BlackElo "1774"]
[Annotator "Jean-Luc"]
[PlyCount "86"]
[EventDate "2022.??.??"]
[WhiteTeam "Echiquier Tourangeau"]
[BlackTeam "Poitiers-Migne Echecs"]

1. e4 c5 2. d4 cxd4 3. c3 dxc3 4. Nxc3 d6 5. Bc4 Nf6 6. Nf3 e6 7. O-O Be7 8.
Qe2 a6 9. Rd1 Qc7 10. Bf4 e5 11. Bg5 Nbd7 12. Rac1 Nb6 13. Bb3 Qb8 14. Qd3 Nbd7
15. Nd5 Nc5 16. Qc4 Nxd5 17. exd5 Nxb3 18. Qxb3 Bxg5 19. Nxg5 O-O 20. Qb6 a5
21. Qc7 b5 22. Ne4 Qxc7 23. Rxc7 Rd8 24. Rc6 Ra6 25. Rdc1 Bb7 26. Rxa6 Bxa6 27.
Rc7 Rc8 28. Rxc8+ Bxc8 29. Nxd6 Bd7 30. f3 Kf8 31. Nb7 Ke7 32. Kf2 Bc8 33. Nxa5
Kd6 34. Ke3 Kxd5 35. Nb3 f5 36. g3 Bb7 37. h4 g6 38. Nc1 Bc8 39. Ne2 Be6 40.
Nc1 Kc5 41. Nd3+ Kd6 42. Nc1 Kc5 43. Nd3+ Kd6 1/2-1/2

[Event "N1F_Ouest_2022"]
[Site "Bordeaux"]
[Date "2022.04.30"]
[Round "1.5"]
[White "Diez, Agathe"]
[Black "Chachiachvili, Mariam"]
[Result "1/2-1/2"]
[WhiteElo "1628"]
[BlackElo "1758"]
[Annotator "Jean-Luc"]
[PlyCount "87"]
[EventDate "2022.??.??"]
[WhiteTeam "AGJA-Echiquier Aquitaine"]
[BlackTeam "USAM Echiquier Brestois"]

1. e4 e5 2. Nf3 Nc6 3. d4 exd4 4. Nxd4 Nf6 5. Nxc6 bxc6 6. Nc3 Bb4 7. Bd3 O-O
8. O-O Re8 9. Qf3 Bxc3 10. bxc3 d5 11. exd5 cxd5 12. Bg5 Be6 13. Bb5 Rf8 14.
Rfd1 h6 15. Bxf6 Qxf6 16. Qxf6 gxf6 17. Bc6 Rad8 18. Rab1 Rd6 19. Ba4 c5 20.
Bb5 Rb6 21. Be2 Rfb8 22. Rb3 c4 23. Rxb6 Rxb6 24. Bf3 Rb2 25. g3 Rxc2 26. Bxd5
Bxd5 27. Rxd5 Rxc3 28. Ra5 Kg7 29. Rxa7 Kg6 30. Ra5 f5 31. Ra6+ f6 32. Ra7 f4
33. gxf4 Kf5 34. Ra6 Rd3 35. Rc6 c3 36. a4 Ke4 37. Kg2 Kd4 38. a5 Rd2 39. a6
Ra2 40. Kf3 c2 41. a7 Kd3 42. Rd6+ Kc4 43. Rc6+ Kd3 44. Rd6+ 1/2-1/2

[Event "N1F_Ouest_2022"]
[Site "Bordeaux"]
[Date "2022.04.30"]
[Round "1.6"]
[White "Gros, Rachel"]
[Black "Mata, Maria"]
[Result "0-1"]
[WhiteElo "1544"]
[BlackElo "1693"]
[Annotator "Jean-Luc"]
[PlyCount "40"]
[EventDate "2022.??.??"]
[WhiteTeam "Poitiers-Migne Echecs"]
[BlackTeam "AGJA-Echiquier Aquitaine"]

1. e4 e5 2. Nf3 Nc6 3. Bc4 Nf6 4. d3 Bc5 5. O-O d6 6. c3 O-O 7. Nbd2 d5 8. Bb3
Bb6 9. Re1 Be6 10. exd5 Bxd5 11. Nxe5 Nxe5 12. Rxe5 Be6 13. Bxe6 fxe6 14. d4 c5
15. Nf3 Qc7 16. Ng5 cxd4 17. cxd4 Bxd4 18. Re2 Ng4 19. Qd3 Qxh2+ 20. Kf1 Qh1#
0-1

[Event "N1F_Ouest_2022"]
[Site "Bordeaux"]
[Date "2022.04.30"]
[Round "1.7"]
[White "Duverdier, Heloise"]
[Black "Besnard, Sylviane"]
[Result "0-1"]
[WhiteElo "1115"]
[BlackElo "1322"]
[Annotator "Jean-Luc"]
[PlyCount "124"]
[EventDate "2022.??.??"]
[WhiteTeam "Union Saint Bruno-Bordeaux Echecs"]
[BlackTeam "Echiquier Tourangeau"]

1. e4 e6 2. Nf3 d5 3. exd5 exd5 4. d4 Nf6 5. Nc3 c6 6. Be3 Bd6 7. Bd3 Nbd7 8.
O-O O-O 9. Ne2 Re8 10. b3 Ne4 11. c4 dxc4 12. bxc4 c5 13. Qc2 Ndf6 14. dxc5
Nxc5 15. Bxc5 Bxc5 16. Rfe1 Bg4 17. Ng3 Bxf3 18. gxf3 Rc8 19. Ne4 h6 20. Nxc5
Rxc5 21. Rxe8+ Qxe8 22. Qe2 Re5 23. Qb2 b6 24. h4 Nh5 25. Qd4 Nf6 26. Rc1 Nd7
27. f4 Ra5 28. Rc2 Nc5 29. Bf1 Ne6 30. Qe3 Rf5 31. Bh3 Rxf4 32. Bxe6 Rxh4 33.
Bxf7+ Qxf7 34. Qg3 Rxc4 35. Qb8+ Kh7 36. Rxc4 Qxc4 37. Qxa7 b5 38. Kg2 b4 39.
f3 Qb5 40. Qe3 Qc4 41. Qd2 Qc3 42. Qe2 b3 43. axb3 Qxb3 44. Qe4+ Kh8 45. Qg6
Qd5 46. Kg3 Kg8 47. Qe8+ Kh7 48. f4 Qf5 49. Qe3 h5 50. Qf3 Kh6 51. Kh4 g6 52.
Kg3 Qf6 53. Qh1 Qf5 54. Qf3 Qf6 55. Qh1 Qc3+ 56. Kh4 Qd4 57. Kg3 Qe3+ 58. Qf3
h4+ 59. Kg4 Qxf3+ 60. Kxf3 Kh5 61. Kg2 Kg4 62. Kh1 Kxf4 0-1

[Event "N1F_Ouest_2022"]
[Site "Bordeaux"]
[Date "2022.04.30"]
[Round "1.8"]
[White "Guihal, Nathalie"]
[Black "Tua, Alix"]
[Result "0-1"]
[WhiteElo "1266"]
[BlackElo "1199"]
[Annotator "Jean-Luc"]
[PlyCount "82"]
[EventDate "2022.??.??"]
[WhiteTeam "USAM Echiquier Brestois"]
[BlackTeam "Poitiers-Migne Echecs"]

1. d4 c6 2. Bf4 d6 3. e3 Nd7 4. Nf3 Ndf6 5. Bd3 Qc7 6. O-O Bd7 7. Ng5 Nh6 8. h3
e5 9. Bg3 Be7 10. Nc3 O-O 11. Qe2 Bf5 12. Bc4 d5 13. Bb3 Nd7 14. Nf3 Bd6 15.
Rad1 e4 16. Bxd6 Qxd6 17. Nh4 Be6 18. f3 exf3 19. Rxf3 Rac8 20. Rf2 a6 21. Qd3
g6 22. e4 b5 23. e5 Qe7 24. Nf3 Nf5 25. Ne2 c5 26. dxc5 Nxc5 27. Qd2 Ne4 28.
Qa5 Nxf2 29. Kxf2 Qa7+ 30. Kf1 Ne3+ 31. Ke1 Nxg2+ 32. Kf1 Ne3+ 33. Ke1 Nxd1 34.
Kxd1 Rc6 35. Ned4 Rc7 36. Qd2 Bxh3 37. Ng5 Bg4+ 38. Kc1 Re7 39. Qh2 h5 40. Bxd5
Qxd4 41. Qg2 Qd1# 0-1

[Event "N1F_Ouest_2022"]
[Site "Bordeaux"]
[Date "2022.04.30"]
[Round "1.9"]
[White "Harnett, Lea"]
[Black "Comte-Panicaut, Juliana"]
[Result "0-1"]
[WhiteElo "1199"]
[BlackElo "1350"]
[Annotator "Jean-Luc"]
[PlyCount "91"]
[EventDate "2022.??.??"]
[WhiteTeam "Echiquier Tourangeau"]
[BlackTeam "AGJA-Echiquier Aquitaine"]

1. d4 d5 2. Nf3 Nf6 3. g3 c6 4. Bg2 Bf5 5. O-O e6 6. Bf4 Nbd7 7. Nbd2 Be7 8. c4
O-O 9. Re1 Re8 10. Ng5 Nh5 11. e4 Nxf4 12. gxf4 dxe4 13. Bxe4 Bxg5 14. fxg5
Qxg5+ 15. Kh1 Nf6 16. Qe2 Rad8 17. Nf3 Bxe4 18. Rg1 Qf4 19. Rg3 Bxf3+ 20. Rxf3
Qxd4 21. Rg1 Qe4 22. Qxe4 Nxe4 23. b3 Rd2 24. Kg2 Red8 25. Re1 f5 26. h4 Rxa2
27. Rf1 Rdd2 28. Kg1 Re2 29. Rd3 Rad2 30. Rf3 Kf7 31. Kg2 Ke7 32. b4 Rb2 33.
Kg1 Nd2 34. Re3 Nxf1 35. Rxe2 Rxe2 36. Kxf1 Rb2 37. Kg2 Rxb4 38. c5 a5 39. Kf3
a4 40. Ke3 a3 41. Kd3 a2 42. Ke3 a1=Q 43. Kf3 Qh1+ 44. Ke2 f4 45. Kd3 Qe4+ 46.
Kd2 0-1

[Event "N1F_Ouest_2022"]
[Site "Bordeaux"]
[Date "2022.04.30"]
[Round "1.10"]
[White "Papuchon, Juliette"]
[Black "Bourrieres, Amelie"]
[Result "0-1"]
[WhiteElo "1020"]
[BlackElo "1199"]
[Annotator "Jean-Luc"]
[PlyCount "92"]
[EventDate "2022.??.??"]
[WhiteTeam "Union Saint Bruno-Bordeaux Echecs"]
[BlackTeam "USAM Echiquier Brestois"]

1. e4 e5 2. Nf3 Nc6 3. d4 exd4 4. Nxd4 Nxd4 5. Qxd4 c5 6. Qe5+ Qe7 7. Qxe7+
Bxe7 8. Nc3 a6 9. Bf4 b5 10. g3 Bb7 11. Bg2 c4 12. Nd5 Bxd5 13. exd5 Rc8 14.
O-O d6 15. Rfe1 Rd8 16. Bd2 Rd7 17. Bh3 Rb7 18. Bb4 Kf8 19. Rad1 Nf6 20. Bg2
Ra7 21. Ba5 Nd7 22. b3 Rb7 23. Rd4 Nb6 24. Bxb6 Rxb6 25. bxc4 Bf6 26. Rde4 g6
27. cxb5 Rxb5 28. Ra4 a5 29. c4 Rb6 30. Rxa5 Bc3 31. Ra8+ Kg7 32. Rxh8 Bxe1 33.
Ra8 Rb2 34. f4 Rb1 35. Bf1 Kf6 36. Kg2 h5 37. a4 Rb2+ 38. Kh3 Rb3 39. Kh4 Rf3
40. Bg2 Rxf4+ 41. Kh3 Rxc4 42. a5 h4 43. a6 hxg3 44. hxg3 Rc3 45. Bf1 Rxg3+ 46.
Kh2 Ra3 0-1

[Event "N1F_Ouest_2022"]
[Site "Bordeaux"]
[Date "2022.05.01"]
[Round "2.1"]
[White "Ollivier, Clemence"]
[Black "Diez, Ambre"]
[Result "0-1"]
[WhiteElo "1690"]
[BlackElo "1953"]
[Annotator "Jean-Luc"]
[PlyCount "44"]
[EventDate "2022.??.??"]
[WhiteTeam "Echiquier Tourangeau"]
[BlackTeam "AGJA-Echiquier Aquitaine"]

1. d4 Nf6 2. Bf4 g6 3. e3 Bg7 4. Be2 d6 5. h3 Nbd7 6. Nf3 O-O 7. O-O b6 8. Nbd2
Bb7 9. c3 c5 10. Qb3 Rc8 11. Rfe1 Qe8 12. Bb5 a6 13. Bxd7 Nxd7 14. dxc5 Nxc5
15. Qxb6 Rb8 16. Qa5 Bxf3 17. Nxf3 Rxb2 18. Red1 Na4 19. Qxa6 Nxc3 20. Rf1 Qa8
21. Qc4 Rc8 22. Qd3 e5 0-1

[Event "N1F_Ouest_2022"]
[Site "Bordeaux"]
[Date "2022.05.01"]
[Round "2.2"]
[White "Donias, Orlane"]
[Black "Andre, Marine"]
[Result "1/2-1/2"]
[WhiteElo "1769"]
[BlackElo "1752"]
[Annotator "Jean-Luc"]
[PlyCount "78"]
[EventDate "2022.??.??"]
[WhiteTeam "Union Saint Bruno-Bordeaux Echecs"]
[BlackTeam "USAM Echiquier Brestois"]

1. d4 Nf6 2. c4 g6 3. Nc3 Bg7 4. Nf3 d6 5. g3 O-O 6. Bg2 Nc6 7. O-O a6 8. Re1
Rb8 9. a4 Na5 10. Nd2 c5 11. d5 Bd7 12. e4 b5 13. axb5 axb5 14. cxb5 Bxb5 15.
Nxb5 Rxb5 16. Qa4 Qb8 17. Bf1 c4 18. Bxc4 Nxc4 19. Qxc4 Nd7 20. Ra8 Qb6 21.
Rxf8+ Nxf8 22. b3 Rc5 23. Qf1 Nd7 24. Ba3 Ra5 25. Nc4 Qxb3 26. Nxa5 Qxa3 27.
Nc6 Bf6 28. Re3 Qa4 29. Qb1 Nc5 30. Kg2 Kg7 31. Qb4 Qd1 32. Qb1 Qa4 33. f4 Qc4
34. Qb4 Qc2+ 35. Kh3 Nd3 36. Rxd3 {(=)} Qxd3 37. Qe1 h5 38. Nb4 Qc4 39. Nc6 Qd3
1/2-1/2

[Event "N1F_Ouest_2022"]
[Site "Bordeaux"]
[Date "2022.05.01"]
[Round "2.3"]
[White "Chachiachvili, Mariam"]
[Black "Leriche, Ines"]
[Result "0-1"]
[WhiteElo "1758"]
[BlackElo "1944"]
[Annotator "Jean-Luc"]
[PlyCount "110"]
[EventDate "2022.??.??"]
[WhiteTeam "USAM Echiquier Brestois"]
[BlackTeam "Poitiers-Migne Echecs"]

1. e4 c6 2. d4 d5 3. Nc3 dxe4 4. Nxe4 Bf5 5. Ng3 Bg6 6. Bc4 e6 7. N1e2 Bd6 8.
O-O Nd7 9. Bf4 Qc7 10. Bxd6 Qxd6 11. a4 Ngf6 12. c3 O-O 13. f4 Nb6 14. Bb3 Nbd5
15. Qd2 Ne7 16. Nc1 c5 17. Rd1 Rad8 18. Qf2 Qc7 19. Nce2 Nf5 20. Nxf5 Bxf5 21.
Ng3 Bg4 22. Rd2 cxd4 23. Rxd4 Rxd4 24. Qxd4 Rd8 25. Qf2 b6 26. Re1 Bf5 27. Nxf5
exf5 28. Re5 Ng4 29. Qg3 Nxe5 30. fxe5 Qc5+ 31. Kf1 Re8 32. e6 fxe6 33. Qd3 Kf8
34. Bc4 Qc7 35. g3 Qe7 36. Qe2 Qd6 37. Qh5 Rd8 38. Be2 Kg8 39. Qh4 g6 40. Qg5
Kg7 41. h4 h6 42. Qe3 e5 43. a5 e4 44. g4 Qe6 45. Qf4 Rf8 46. g5 hxg5 47. hxg5
Rf7 48. axb6 axb6 49. Qe3 Qd6 50. b3 Kf8 51. Qh3 Ke7 52. Qe3 Qc5 53. Qg3 Qd6
54. Qe3 Rh7 55. Qg1 Qf4+ 0-1

[Event "N1F_Ouest_2022"]
[Site "Bordeaux"]
[Date "2022.05.01"]
[Round "2.4"]
[White "Sommer, Hannah"]
[Black "Diez, Agathe"]
[Result "0-1"]
[WhiteElo "1774"]
[BlackElo "1628"]
[Annotator "Jean-Luc"]
[PlyCount "78"]
[EventDate "2022.??.??"]
[WhiteTeam "Poitiers-Migne Echecs"]
[BlackTeam "AGJA-Echiquier Aquitaine"]

1. d4 d5 2. Nf3 Nf6 3. c4 e6 4. Bg5 Nbd7 5. e3 c6 6. Be2 Bd6 7. O-O h6 8. Bh4
O-O 9. Nc3 dxc4 10. Bxc4 e5 11. d5 Nb6 12. Be2 cxd5 13. Bxf6 gxf6 14. Nxd5 e4
15. Nxb6 exf3 16. Nxa8 fxe2 17. Qxe2 Be6 18. Rfd1 Qe7 19. Qh5 Kh7 20. Rd4 Rxa8
21. Rad1 Be5 22. Rh4 Qf8 23. b3 f5 24. g4 Bf6 25. g5 Bg7 26. f4 Rd8 27. Rxd8
Qxd8 28. gxh6 Bf6 29. Rh3 Qd2 30. Qf3 Bd5 31. Qf2 Qd1+ 32. Qf1 Qc2 33. Qf2 Qb1+
34. Qf1 Qxa2 35. Rg3 Qxb3 36. e4 Qb6+ 37. Kg2 Bxe4+ 38. Kh3 Bd4 39. Qc4 Qxh6#
0-1

[Event "N1F_Ouest_2022"]
[Site "Bordeaux"]
[Date "2022.05.01"]
[Round "2.5"]
[White "Pommereul, Mathilde"]
[Black "Nicolas-Manceau, Maya"]
[Result "1-0"]
[WhiteElo "1276"]
[BlackElo "1649"]
[Annotator "Jean-Luc"]
[PlyCount "131"]
[EventDate "2022.??.??"]
[WhiteTeam "Union Saint Bruno-Bordeaux Echecs"]
[BlackTeam "Echiquier Tourangeau"]

1. e4 c5 2. Nf3 Nc6 3. d4 cxd4 4. Nxd4 g6 5. Nc3 Bg7 6. Nb3 Nf6 7. Be2 O-O 8.
Be3 a6 9. O-O b5 10. a3 Bb7 11. f4 d6 12. Bf3 Qc7 13. Rb1 Rac8 14. Nd5 Nxd5 15.
Qxd5 Nd4 16. Qg5 Nxf3+ 17. gxf3 h6 18. Qh4 Qxc2 19. Nd4 Qd3 20. Qf2 Bxd4 21.
Bxd4 Rc2 22. Rfd1 Rxf2 23. Rxd3 Rc2 24. Bc3 Rc8 25. Re1 Kf8 26. e5 d5 27. e6
fxe6 28. Rxe6 Kf7 29. Rde3 Re8 30. Bb4 Rc7 31. Kg2 Bc8 32. R6e5 e6 33. Kg3 Bd7
34. Kg4 Rc2 35. Rc3 Rc8 36. Rxc8 Bxc8 37. h4 Rxb2 38. h5 gxh5+ 39. Rxh5 e5+ 40.
Kg3 exf4+ 41. Kxf4 Be6 42. Rxh6 Rg2 43. Bc3 Rc2 44. Bb4 Rg2 45. Bc3 Rg8 46.
Rf6+ Ke7 47. Ke5 Rg5+ 48. Kf4 Rh5 49. Rg6 Rf5+ 50. Ke3 Kd6 51. Bb4+ Kd7 52. Bc3
Rf8 53. Rh6 Rf7 54. Be5 Rf5 55. f4 Rf8 56. Kd4 Rc8 57. Rh7+ Kc6 58. Rh6 Kd7 59.
Rh7+ Kd8 60. Bf6+ Ke8 61. Re7+ Kf8 62. Rxe6 Rc4+ 63. Kxd5 Rxf4 64. Rxa6 Rf5+
65. Be5 Ke7 66. Ra7+ 1-0

[Event "N1F_Ouest_2022"]
[Site "Bordeaux"]
[Date "2022.05.01"]
[Round "2.6"]
[White "Besnard, Sylviane"]
[Black "Gros, Rachel"]
[Result "0-1"]
[WhiteElo "1322"]
[BlackElo "1544"]
[Annotator "Jean-Luc"]
[PlyCount "138"]
[EventDate "2022.??.??"]
[WhiteTeam "Echiquier Tourangeau"]
[BlackTeam "Poitiers-Migne Echecs"]

1. c4 e5 2. g3 Nf6 3. Bg2 Bc5 4. Nc3 Nc6 5. a3 a6 6. e3 O-O 7. Nge2 Re8 8. O-O
d6 9. h3 Bb6 10. b4 Be6 11. Nd5 Bxd5 12. cxd5 Ne7 13. Nc3 Qd7 14. Kh2 c6 15.
dxc6 Nxc6 16. Bb2 Rac8 17. Rc1 Rc7 18. Ne2 Rec8 19. d4 exd4 20. exd4 d5 21. Qd3
Ne7 22. Ng1 Ng6 23. Nf3 Qd6 24. Ng5 h6 25. Nf3 Nf4 26. Qe3 Nxg2 27. Kxg2 Re8
28. Ne5 Rce7 29. f4 Ne4 30. Rc2 Rc7 31. Qd3 Rec8 32. Rfc1 f6 33. Nf3 Rc6 34.
Nd2 Nxd2 35. Qxd2 Qc7 36. Bc3 Qd7 37. Qd3 Re8 38. Bb2 Rec8 39. Bc3 Re8 40. Bd2
Rce6 41. Bc3 Re3 42. Qf1 Qf7 43. Rf2 Qg6 44. Rf3 Qe4 45. Re1 Rxe1 46. Bxe1 Qxe1
47. Qxe1 Rxe1 48. Kf2 Re4 49. Rd3 Kf7 50. Kf3 Rxd4 51. Rxd4 Bxd4 52. a4 Ke6 53.
b5 f5 54. Ke2 Bc3 55. Kf3 d4 56. Ke2 Kd5 57. Kd3 axb5 58. axb5 Kc5 59. g4 g6
60. h4 h5 61. b6 hxg4 62. Ke2 Kxb6 63. Kd3 Kc5 64. Ke2 b5 65. Kd3 b4 66. Kc2
Kc4 67. Kd1 b3 68. h5 gxh5 69. Ke2 b2 0-1

[Event "N1F_Ouest_2022"]
[Site "Bordeaux"]
[Date "2022.05.01"]
[Round "2.7"]
[White "Le Coz, Marie Sarah"]
[Black "Guihal, Nathalie"]
[Result "1-0"]
[WhiteElo "1526"]
[BlackElo "1266"]
[Annotator "Jean-Luc"]
[PlyCount "73"]
[EventDate "2022.??.??"]
[WhiteTeam "AGJA-Echiquier Aquitaine"]
[BlackTeam "USAM Echiquier Brestois"]

1. d4 Nf6 2. Nf3 e6 3. g3 Bb4+ 4. Bd2 Be7 5. Bg2 d5 6. O-O Nc6 7. c4 O-O 8. Bc3
dxc4 9. Qa4 Ne4 10. Qxc4 Nxc3 11. Nxc3 Bd7 12. e4 Bf6 13. Rfd1 Qc8 14. Rac1 a6
15. Qe2 Re8 16. a3 Na5 17. b4 Nc6 18. Qc2 b5 19. d5 exd5 20. Nxd5 Be5 21. Nxe5
Nxe5 22. Nxc7 Bg4 23. Rd5 Nf3+ 24. Kh1 h5 25. Nxe8 Qxc2 26. Rxc2 Rxe8 27. h3
Rxe4 28. Rc1 Re6 29. hxg4 hxg4 30. Bxf3 gxf3 31. Rf5 Rh6+ 32. Kg1 g5 33. Rxf3
g4 34. Rf4 Rg6 35. Rc7 Rg7 36. Rf6 Kf8 37. Rh6 1-0

[Event "N1F_Ouest_2022"]
[Site "Bordeaux"]
[Date "2022.05.01"]
[Round "2.8"]
[White "Comte-Panicaut, Juliana"]
[Black "Pommereul, Emma"]
[Result "1-0"]
[WhiteElo "1350"]
[BlackElo "1214"]
[Annotator "Jean-Luc"]
[PlyCount "99"]
[EventDate "2022.??.??"]
[WhiteTeam "AGJA-Echiquier Aquitaine"]
[BlackTeam "Union Saint Bruno-Bordeaux Echecs"]

1. Nf3 Nf6 2. d4 g6 3. g3 d6 4. Bg2 Bg7 5. O-O O-O 6. c3 Nbd7 7. Re1 e5 8. e4
Re8 9. Nbd2 Nb6 10. h3 Nh5 11. b3 Bh8 12. Bb2 Ng7 13. Qc2 c6 14. Rad1 Nd7 15.
Nc4 Qc7 16. Ba3 c5 17. dxe5 dxe5 18. Bf1 Nh5 19. Nd6 Rf8 20. Bc4 Nb6 21. Bxf7+
Rxf7 22. Nxf7 Qxf7 23. Rd8+ Kg7 24. Nxe5 Qe7 25. Qd2 Qxe5 26. Bb2 Nf6 27. f4
Qe6 28. e5 Nfd5 29. c4 Nb4 30. Rd6 Qxh3 31. e6+ Kh6 32. f5+ Kh5 33. Bxh8 Qxg3+
34. Kf1 Qf3+ 35. Qf2 Qh1+ 36. Ke2 Qe4+ 37. Kd2 Qc2+ 38. Ke3 N6d5+ 39. Rxd5
Nxd5+ 40. cxd5 Qxf5 41. Qxf5+ gxf5 42. Bd4 b6 43. Rg1 Bb7 44. d6 Bc6 45. Rg7
Re8 46. e7 Kh6 47. Kf4 Bd7 48. Bf6 b5 49. Rg5 c4 50. Bg7# 1-0

[Event "N1F_Ouest_2022"]
[Site "Bordeaux"]
[Date "2022.05.01"]
[Round "2.9"]
[White "Tua, Alix"]
[Black "Duverdier, Heloise"]
[Result "0-1"]
[WhiteElo "1199"]
[BlackElo "1115"]
[Annotator "Jean-Luc"]
[PlyCount "106"]
[EventDate "2022.??.??"]
[WhiteTeam "Poitiers-Migne Echecs"]
[BlackTeam "Union Saint Bruno-Bordeaux Echecs"]

1. d4 d5 2. Bf4 Nf6 3. e3 Bf5 4. Nf3 Nbd7 5. c3 e6 6. Bd3 Ne4 7. O-O c5 8. Nbd2
Nxf2 9. Qe2 Bxd3 10. Qxf2 Bxf1 11. Rxf1 cxd4 12. cxd4 Rc8 13. Bg3 Be7 14. Ng5
Nf6 15. Be5 O-O 16. h3 h6 17. Ngf3 Rc2 18. Qg3 Nh5 19. Qg4 g6 20. Ne1 Rxd2 21.
Rf2 Rxf2 22. Kxf2 Bh4+ 23. g3 Bf6 24. Nd3 Bxe5 25. dxe5 Qg5 26. Qxg5 hxg5 27.
g4 Ng7 28. b4 Rc8 29. Ke2 Rc2+ 30. Kd1 Rxa2 31. Nc1 Rh2 32. b5 Rxh3 33. Kd2 Rg3
34. Nd3 Rxg4 35. Nc5 Rb4 36. Nxb7 Rxb5 37. Nd6 Rb4 38. Kd3 g4 39. Ke2 g3 40.
Kf1 Rb2 41. e4 Nh5 42. Ne8 Nf4 43. Nf6+ Kg7 44. Ne8+ Kh6 45. Nd6 g2+ 46. Kg1
Rb1+ 47. Kf2 g1=Q+ 48. Kf3 Qf1+ 49. Kg4 Rb2 50. Nxf7+ Kg7 51. Ng5 Rg2+ 52. Kh4
Qh1+ 53. Nh3 Qxh3# 0-1

[Event "N1F_Ouest_2022"]
[Site "Bordeaux"]
[Date "2022.05.01"]
[Round "2.10"]
[White "Bourrieres, Amelie"]
[Black "Harnett, Lea"]
[Result "1-0"]
[WhiteElo "1199"]
[BlackElo "1199"]
[Annotator "Jean-Luc"]
[PlyCount "103"]
[EventDate "2022.??.??"]
[WhiteTeam "USAM Echiquier Brestois"]
[BlackTeam "Echiquier Tourangeau"]

1. e4 c6 2. Nc3 d5 3. exd5 cxd5 4. d4 Bf5 5. Bd3 e6 6. Nf3 Qc7 7. Bd2 Nf6 8.
Nb5 Qd7 9. Bf4 Be7 10. Nc7+ Kf8 11. Nxa8 Bd6 12. Qd2 Nc6 13. c3 Ke7 14. Bxf5
exf5 15. Qe3+ Ne4 16. Ne5 Qc8 17. Nxc6+ Qxc6 18. f3 Re8 19. fxe4 Kf8 20. O-O
fxe4 21. Bxd6+ Qxd6 22. Qf2 f6 23. Qf4 Qc6 24. Qc7 Rxa8 25. Qxc6 bxc6 26. b4 a5
27. a4 Ke7 28. Kf2 g6 29. Rab1 Kd6 30. b5 c5 31. b6 Kc6 32. Rb5 c4 33. Rfb1 Kb7
34. Rxd5 f5 35. Rd7+ Kc6 36. b7 Re8 37. Rxh7 e3+ 38. Ke2 f4 39. b8=Q Rxb8 40.
Rxb8 Kd5 41. Re7 Kd6 42. Re5 Kd7 43. Rg8 g5 44. Rgxg5 Kd6 45. Rg6+ Kd7 46. h4
Kd8 47. h5 Kd7 48. h6 Kd8 49. h7 Kd7 50. h8=Q Kc7 51. Qh7+ Kd8 52. Rg8# 1-0

[Event "N1F_Ouest_2022"]
[Site "Bordeaux"]
[Date "2022.05.01"]
[Round "3.1"]
[White "Leriche, Ines"]
[Black "Ollivier, Clemence"]
[Result "1-0"]
[WhiteElo "1944"]
[BlackElo "1690"]
[Annotator "Jean-Luc"]
[PlyCount "43"]
[EventDate "2022.??.??"]
[WhiteTeam "Poitiers-Migne Echecs"]
[BlackTeam "Echiquier Tourangeau"]

1. c4 e5 2. g3 Nf6 3. Bg2 c6 4. Nc3 Bc5 5. e3 O-O 6. Nge2 d5 7. cxd5 Nxd5 8.
Nxd5 cxd5 9. d4 exd4 10. Nxd4 Nc6 11. Nxc6 bxc6 12. O-O Qb6 13. Qc2 Rd8 14. Bd2
Rb8 15. Bc3 Ba6 16. Rfd1 d4 17. exd4 Bxd4 18. Bxd4 Rxd4 19. Rxd4 Qxd4 20. Rd1
Qf6 21. Qxc6 Qxc6 22. Bxc6 1-0

[Event "N1F_Ouest_2022"]
[Site "Bordeaux"]
[Date "2022.05.01"]
[Round "3.2"]
[White "Andre, Marine"]
[Black "Diez, Ambre"]
[Result "1/2-1/2"]
[WhiteElo "1752"]
[BlackElo "1953"]
[Annotator "Jean-Luc"]
[PlyCount "26"]
[EventDate "2022.??.??"]
[WhiteTeam "USAM Echiquier Brestois"]
[BlackTeam "AGJA-Echiquier Aquitaine"]

1. e4 e5 2. Nf3 Nc6 3. Bc4 Bc5 4. O-O Nf6 5. d4 Nxd4 6. Nxe5 O-O 7. Be3 Ne6 8.
Bxe6 Bxe3 9. Nxf7 Qe7 10. Nh6+ Kh8 11. Nf7+ Kg8 12. Nh6+ Kh8 13. Nf7+ Kg8
1/2-1/2

[Event "N1F_Ouest_2022"]
[Site "Bordeaux"]
[Date "2022.05.01"]
[Round "3.3"]
[White "Donias, Orlane"]
[Black "Diez, Agathe"]
[Result "0-1"]
[WhiteElo "1769"]
[BlackElo "1628"]
[Annotator "Jean-Luc"]
[PlyCount "118"]
[EventDate "2022.??.??"]
[WhiteTeam "Union Saint Bruno-Bordeaux Echecs"]
[BlackTeam "AGJA-Echiquier Aquitaine"]

1. d4 d5 2. c4 e6 3. Nf3 Nf6 4. Bg5 Nbd7 5. e3 Be7 6. Nc3 h6 7. Bh4 O-O 8. Rc1
dxc4 9. Bxc4 c5 10. O-O cxd4 11. exd4 Nb6 12. Bd3 Nfd5 13. Bxe7 Qxe7 14. Qd2
Rd8 15. Rfd1 Bd7 16. Be4 Be8 17. Qe1 Qd6 18. Qf1 Rac8 19. Nb5 Qb4 20. Nc3 Qxb2
21. Nxd5 exd5 22. Bb1 Bb5 23. Rxc8 Rxc8 24. Qe1 Nc4 25. Rc1 Re8 26. Qd1 Ba4 27.
Bc2 Bxc2 28. Rxc2 Qb4 29. h3 Nd6 30. Qc1 Qb6 31. Rb2 Rc8 32. Qb1 Qc6 33. Ne5
Qc1+ 34. Qxc1 Rxc1+ 35. Kh2 f6 36. Ng6 Rc7 37. Nf4 Nf5 38. Nxd5 Rd7 39. Ne3
Nxd4 40. Rb4 Nc6 41. Rb2 Kf7 42. Kg3 Ne5 43. Rc2 b5 44. Nf1 Nc4 45. Kf3 Ke6 46.
Ne3 Rd3 47. Ke2 Nxe3 48. Kxd3 Nxc2 49. Kxc2 a5 50. Kd3 Kd5 51. f3 h5 52. g3 g5
53. h4 gxh4 54. gxh4 Ke5 55. Ke3 b4 56. Kd3 a4 57. Kc4 b3 58. axb3 axb3 59.
Kxb3 Kf4 0-1